Saarbrücker Stadtteile auf einer Karte - Statistiken

Allgemein
  • Dieses Quiz wurde 83 mal gespielt
  • Das Durchschnittsergebnis liegt bei 12 aus 20
Antworten auf der Karte
Die Antworten werden auf der Karte rot bzw. grün angezeigt, abhängig davon wie oft sie richtig erraten wurden.
 
Antwortstatistiken
Stadtbezirk Nr. Stadtteil % Korrekt
West 24 Burbach
83%
Halberg 45 Brebach-Fechingen
78%
Mitte 12 Malstatt
75%
Mitte 13 St. Johann
75%
Mitte 16 Sankt Arnual
74%
Mitte 11 Alt-Saarbrücken
69%
Dudweiler 31 Dudweiler
69%
Halberg 47 Güdingen
69%
Halberg 48 Bübingen
63%
Halberg 44 Ensheim
52%
West 22 Klarenthal
52%
West 23 Altenkessel
51%
West 21 Gersweiler
51%
Dudweiler 34 Scheidt
51%
Dudweiler 32 Jägersfreude
48%
Mitte 14 Eschberg
45%
Halberg 42 Schafbrücke
45%
Halberg 46 Eschringen
43%
Halberg 43 Bischmisheim
42%
Dudweiler 33 Herrensohr
40%
Keine übereinstimmenden Quizze gefunden
Verteilung der Resultate
Anzahl Personen mit jedem Resultat
Perzentil nach korrekt beantworteten Fragen
Ihre Resultats-Entwicklung
Sie haben dieses Quiz noch nicht gespielt